Albums Genero Urbano - Estadísticas

Estadísticas generales
  • Esta prueba ha sido intentada 154 veces
    138 desde el último reinicio
  • La puntuación promedio es 72 de 149
Estadísticas de respuestas
Imagen Respuesta % Correcto
Oasis
92%
Odisea
84%
Sauce Boyz
82%
Primer Dia De Clases
81%
Viceversa
81%
Easy Money Baby
80%
Cosa Nuestra
78%
The Academy
75%
Bien o mal
74%
Los Favoritos
74%
Lyke Mike
74%
Unstoppable
74%
42
73%
Mañana Será Bonito
73%
Un Verano Sin Ti
73%
The Last Don
72%
Afrodisiaco
71%
Fenix
71%
Paraiso
70%
Debi Tirar Mas Fotos
69%
Dopamina
69%
Love And Sex
69%
Real Hasta La Muerte
69%
Timelezz
69%
King Of Kings
68%
Saturno
68%
Desde el fin del mundo
67%
Talento De Barrio
67%
Famouz
66%
Gangalee
66%
La Oscuridad
66%
Monarca
66%
Temporada de Reggaeton
66%
ADN
65%
Barrio Fino
65%
Trap De Verdad
65%
Aura
64%
Donde Quiero Estar
64%
La 167
64%
Yo Hago Lo Que Me Da La Gana
64%
DATA
63%
El After del After
63%
Enoc
63%
Microdosis
63%
Prestige
63%
Sayonara
63%
Sol Maria
63%
Cambio de clima
62%
El Ultimo Tour Del Mundo
62%
Legendaddy
62%
The Goat
60%
X100pre
60%
Ameri
58%
Energia
58%
Mala Santa
58%
Meet The Orphans
58%
Dynasty
57%
L3tra
57%
Las Leyendas Nunca Mueren
57%
Pretty Boy, Dirty Boy
57%
SEN2 KBRN, Vol. 1
57%
Viva el Perreo
57%
Buenas Noches
56%
Estrella
55%
Lyke Miike
55%
Meet The Orphans 2: New Generation
55%
Cosmo
54%
House Of Pleasure
54%
Las Que No Iban A Salir
53%
Le Clique: Vida Rockstar (X)
53%
2000
52%
Esquemas
52%
Los Dioses
52%
Perreologia
52%
Sueños
52%
El Abayarde
51%
Sauce Boyz 2
51%
11:11
50%
Ares
50%
El Niño
49%
iDon
49%
La Vida Es Una
49%
Ozutochi
49%
Emmanuel
48%
Felicilandia
48%
Ferxxocalipsis
48%
La Pantera Negra
48%
Visionary
47%
Inter Shibuya
46%
Nibiru
46%
Sakura
45%
Back To The Game
44%
FERXXO (Vol. 1: M.O.R)
44%
Colores
43%
Temporada de Reggaeton 2
43%
Ocean
42%
Ysysmo
42%
Real G4 Life, Vol. 3
41%
Antes de Ameri
40%
Atrevido
40%
#Update
40%
Victory
40%
Feliz Cumpleaños, Ferxxo, Te Pirateamos El Album
39%
Papi Juancho
39%
Real G4 Life, Vol.4
39%
Las Leyendas Nunca Mueren 2
38%
Mor, no le temas a la oscuridad
38%
TrapXFicante
38%
3men2 kbrn
37%
Playa Saturno
37%
Quien Es Dei V?
37%
SEN2 KBRN, Vol. 2
37%
Viva La Musik
37%
Homerun
36%
Real G4 Life, Part 2
35%
Epico
34%
Los Campeones del Pueblo
34%
Real G4 Life
31%
Trap Cake, Vol. 2
31%
Vibras
31%
Rayo
30%
Afro
28%
Jose
28%
Bahia Ducati
26%
El Bloke Hills
26%
El Final Del Principio
26%
Hecho A Mano
26%
The Beginning
26%
Sentimiento, Elegancia y Maldad
23%
Sr. Santos
22%
att.
21%
La Vida Es Una: Vive La Tuya, No La Mia
21%
Pa'l Mundo
21%
Quien Contra Mi 2
18%
Historias de un Capricornio
17%
El Ultimo Baile
16%
The Academy - Segunda Misión
14%
Antezana 247
13%
Sentimiento, Elegancia y mas Maldad
13%
Bendecido
12%
F.A.M.E
9%
Los Favoritos 2.5
8%
Real G4 Life Baby, Pt. 2.5
8%
Los Favoritos 2
7%
KG0516
6%
La Ultima Mision
5%
1 Of 1
4%
El Fenomeno
4%
Los Legendarios 001
2%
No se encontraron pruebas coincidentes
Distribución de puntuación
Porcentaje de gente con cada puntuación
Porcentaje por número respondido
Historial de tus puntuaciones
No has intentado esta prueba desde el último reinicio